000 00435nam a22001817i 4500
001 1795
003 OSt
005 20170126082259.0
007 tu
008 161220s1985 xxu||||| |||| 00| 0 d
024 7 _a1794
_2RID
040 _cOSt
084 _a11.352
_a11.60
_a11.66
_a11.71
_a14.40
_2z
245 0 0 _aCountertrade (Special Euromoney Report)
260 _aLondon,
_c1985.
300 _a185 S. ;
_c30cm.
110 2 _aEuromoney Publ. Ltd.
_eEd.
942 _cB
999 _c1775
_d1775